000 00740nam a2200229 a 4500
005 20250108063739.0
008 991125s1977 es 000 0 spa u
020 _a8420719536
035 _aUPN01000002613
049 _aCG
050 4 _aLB1033
_bF5.38
100 1 _aFlanders, Ned A.
245 1 0 _aAnálisis de la interacción didáctica /
_cNed A. Flanders ; tr. Miguel Fernández Pérez.
260 _aMadrid :
_bAnaya,
_c1977.
300 _a568 p. :
_bil.
440 0 _aCiencias de la educación
590 _a(También localizas un ejemplar en el "Area de Reserva")
590 _aBibliografía Básica (BGTQ)
650 4 _aAnálisis del proceso de interacción en educación
_9270
650 4 _aEnseñanza
_96215
905 _aLibro
999 _c2613
_d2613